000 00710nam a22002057a 4500
999 _c165532
_d165532
005 20190621112759.0
010 _aB-125694
020 _a9789386223036
_c750.00
035 _aEN-109226
037 _bDBAD/PUB
082 _a597.9168095485
100 _aRao, Madireddi V. Subba
245 _aRare and threatened limbless lizard, barkudia insularis, annandale/
_cby Madireddi V. Subba Rao [and] B.N Rao
260 _aDelhi
_bB.R Publishing Corporation
_c2017
270 _a425, Nimri Colony, Ashok Vihar, Phase-IV,
_bDelhi
_e110052
_mbrpc@vsnl.com
300 _axx,96p.
_c24cm(Hb)
_bill.
700 _aMadireddi V. Subba Rao
700 _aB.N. Rao
942 _2ddc
_cEN
_h597.9168095485
_mRAO